Movies Quiz

Random Movies or Disney Quiz

Disney by Cake Quiz Stats

 Plays Quiz Updated Feb 5, 2016

Score 0/20 Timer 05:00
6 Plays Today
% Correct
Frozen
99.1%
Toy Story 3
98.7%
Alice in Wonderland
98.6%
Snow White and the Seven Dwarfs
98.5%
The Little Mermaid
98.4%
Finding Nemo
97.8%
Peter Pan
97.2%
Bambi
97.1%
Beauty and the Beast
96.9%
Up
96.8%
% Correct
Lady and the Tramp
96.3%
The Lion King
95.9%
Aladdin
95.7%
Winnie the Pooh and the Honey Tree
95%
Cinderella
94%
Tangled
87.6%
Ratatouille
86.6%
One Hundred and One Dalmatians
84.7%
Fantasia
84.2%
Wreck-It Ralph
83.7%

You're not logged in!

Compare scores with friends on all Sporcle quizzes.
OR
Log In

Sporcle TV

Today on Sporcle TV


Watch our educational content, quiz creation guides, and fun videos on Sporcle TV.

Show Comments

Extras

Top Quizzes Today


Score Distribution

Your Account Isn't Verified!

In order to create a playlist on Sporcle, you need to verify the email address you used during registration. Go to your Sporcle Settings to finish the process.

Report this User

Report this user for behavior that violates our Community Guidelines.

Details: